| 000 | 01014nam2a2200253 4500 | ||
|---|---|---|---|
| 001 | RU\NLR\bibl\1227510 | ||
| 005 | 20250615113222.0 | ||
| 010 |
_a978-5-275-01669-7 _bт.3 |
||
| 021 |
_aRU _b2008-22594 _91240 |
||
| 035 | _a(NLR Aleph) 001213808 | ||
| 090 |
_a95003 _c95003 |
||
| 100 | _a20080516d2008 |||y0rusy50 ca | ||
| 101 | 1 |
_arus _cger |
|
| 102 | _aRU | ||
| 105 | _ay ||||||||| | ||
| 200 | 1 |
_aТриумфальная арка _eроман _f[пер. Б. Кремера, И. Шрайбера] |
|
| 210 |
_d2008 _aБ. м. |
||
| 215 |
_a381, [1] с. _d21 |
||
| 461 | 0 |
_1001RU\NLR\bibl\1237509 _12001#$aСобрание сочинений$vТ. 3 _9154726 _aРемарк, Э. М. (1898-1970) _cМосква _d2008 _fЭрих Мария Ремарк _nТерра Книжный клуб _oв 8 т. : [перевод с немецкого] _tСобрание сочинений _y978-5-275-01666-6 _vТ. 3 |
|
| 801 | 0 |
_aRU _bNLR _c20080516 _gRCR |
|
| 801 | 1 |
_aRU _bNLR _c20080516 |
|
| 942 | _cBOOK | ||
| 980 | _aNB | ||